Mujeres en la periferia : algunos debates sobre género y exclusión social /

Guardado en:
Bibliografiske detaljer
Hovedforfatter: Calvo Salvador, Adelina (ed.)
Andre forfattere: García Lastra, Marta (edición) (edición), Susinos Rada, Teresa (edición) (edición)
Format: Bog
Sprog:spansk
Udgivet: Barcelona, España : Icaria, 2006, c2006
Serier:(Academeia ; Sociedad y Opinión) 76.
Fag:
Tags: Tilføj Tag
Ingen Tags, Vær først til at tagge denne postø!

MARC

LEADER 00000nam^a2200000^a^4500
001 000267699
005 20260320000000.0
009 20260407173152.311
020 |a 84-7426-886-9 
037 |a Acervo ITESO - Biblioteca 
041 |a ESP 
082 |a 305. 42  |b CAL 
100 |a Calvo Salvador, Adelina  |e (ed.) 
245 1 0 |a Mujeres en la periferia :  |b algunos debates sobre género y exclusión social /  |c Ed. e introd. de A. Calvo Salvador, M. García Lastra, T. Susinos Rada. 
264 4 |a Barcelona, España :  |b Icaria,  |c 2006, c2006 
300 |a 214 p. 
336 |a texto  |b txt  |2 rdacontenido 
337 |a sin mediación  |b n  |2 rdamedio 
338 |a volumen  |b nc  |2 rdasoporte 
440 1 |a (Academeia ;  |v 76.  |p Sociedad y Opinión) 
585 |a Exposición DIA 2025-03 / El hilo rojo de la violencia 
649 |a XX 
650 |a Mujeres -  |x Condiciones Sociales y Culturales -  |x Tema Principal 
650 |a Prostitutas -  |x Condiciones Sociales y Culturales 
650 |a Discapacitados -  |x Condiciones Sociales y Culturales 
650 |a Campesinos -  |x Condiciones Sociales y Culturales 
650 |a Presos -  |x Condiciones Sociales y Culturales 
650 |a Ancianos -  |x Condiciones Sociales y Culturales 
650 |a Marginados Sociales -  |x Condiciones Sociales y Culturales 
650 |a Prostitución 
650 |a Discapacidades Físicas 
650 |a Diferencia y Otredad 
650 |a Migración 
650 |a Marginación -  |x Tema Principal 
650 |a Igualdad y Desigualdad -  |x Tema Principal 
650 |a Justicia e Injusticia 
650 |a Problemas Sociales 
650 |a Género 
650 |a Sociología 
700 |a García Lastra, Marta  |e (edición) 
700 |a Susinos Rada, Teresa  |e (edición) 
910 |a Fondo General 
920 |a Impresos - Libros 
930 |a Colección General 
905 |a 101 
901 |a 0500151560  |b IT1  |c ACC  |u 20250521 
902 |a https://opac.biblio.iteso.mx/vufind/Record/000267699